000 00634nam a22001937a 4500
999 _c18786
_d18786
003 AR-CdUCM
008 190515b ||||| |||| 00| 0 spa d
040 _aMUNICIPALIDAD PROVINCIAL DEL CUSCO
_cBIBLIOTECA MUNICIPAL DEL CUSCO
082 _a372.1 /
_bR76
100 _aRomero Gomero, Emiliano Jerónimo
_939586
245 _aExperiencias psicopedagógicas /
260 _aLima :
_bLitogr. Huascarán,
_c1957.
300 _a106 paginas ;
_c21 cm.
440 _aColección experiencia y educación
_939587
650 _aPsicología de la educación
_97331
650 _aPerú
_935
942 _2ddc
_cLIBROS
945 _arjall
_d2019-05-15